00828 a2200217 4500999001500000010001400015020002300029035001300052037001500065082001500080245012000095260005700215260003600272270005700308300002200365500002000387700002400407700002700431942003500458952011700493 c8182d8182 aENG-88339 a8173046808c750.00 aEN-71872 bDBAD / VEN00a363.72095410aWater and sanitation:cedited by Christine Sijbesma [and] Meine Pieter Van Dijkbinstitutional challenges in India/ aNew DelhibManohar Publishers and Distributorsc2006 aNew DelhibPansy Books (Vendor) a4753/23, Ansari Road, Daryaganj,bNew Delhie110 002 a298p.c22cm (Hb) aIncludes index aSijbesma, Christine aPieter Van Dijk, Meine adplcEN2ddch363.720954 mWAT 001040718NFICaDBADbDBADeDBAD/PUBg750.00l0o363.720954 WATpEN-71872r2008-09-15 00:00:00t1v750.00yEN